000 00333nam a22001337a 4500
005 20200604101200.0
008 200604b xxu||||| |||| 00| 0 eng d
082 _a345.4 AIR
110 _aThe All India Reporter
_95773
245 _aThe All India Reporter1964 (V-51) M.P Section
300 _a64
650 _aLAW
_95701
942 _cJRL
999 _c6796
_d6794